The Web of Words : (Record no. 178772)

000 -LEADER
fixed length control field 01133 a2200193 4500
003 - CONTROL NUMBER IDENTIFIER
control field Nust
005 - DATE AND TIME OF LATEST TRANSACTION
control field 20221229134651.0
020 ## - INTERNATIONAL STANDARD BOOK NUMBER
International Standard Book Number 817596491x
040 ## - CATALOGING SOURCE
Transcribing agency Nust
082 ## - DEWEY DECIMAL CLASSIFICATION NUMBER
Classification number 629.1,CAR
100 ## - MAIN ENTRY--PERSONAL NAME
Personal name Carter,Ronald
9 (RLIN) 7389
245 ## - TITLE STATEMENT
Title The Web of Words :
Remainder of title Exploring literature Through language /
Statement of responsibility, etc. Ronald Carter and Michael N. long
260 ## - PUBLICATION, DISTRIBUTION, ETC.
Place of publication, distribution, etc. UK
Name of publisher, distributor, etc. Cambridge university press
Date of publication, distribution, etc. 2007
300 ## - PHYSICAL DESCRIPTION
Extent 188p
505 ## - FORMATTED CONTENTS NOTE
Formatted contents note What’s going on? Summary and Narrative Prediction (Page-1), Scenario: Language, Dialogue and Setting (Page-20), Talking Together: Ranking (Page-41), Read Together: Ranking (Page-20) Read it About : Text and Phonology (Page-54), On the Inside: Writing and Patterns of Language (Page-65), Words and Their Impact: Structures of Vocabulary (Page-52), Re-Writing Literary an Non Literary Discourse (Page-94), Under the Microscope: Introduction to Stylistic Analysis (Page-109), The Moving Finger Writer’s Background (Page-125), In the Forum: Reading and Dissuasion Literature (Page-145).
600 ## - SUBJECT ADDED ENTRY--PERSONAL NAME
Personal name Ronald Carter and Michael N. long
9 (RLIN) 106392
650 ## - SUBJECT ADDED ENTRY--TOPICAL TERM
Topical term or geographic name entry element The web of Words
9 (RLIN) 106393
942 ## - ADDED ENTRY ELEMENTS (KOHA)
Source of classification or shelving scheme
Koha item type Book
Holdings
Withdrawn status Lost status Source of classification or shelving scheme Damaged status Not for loan Permanent Location Current Location Shelving location Date acquired Full call number Barcode Date last seen Price effective from Koha item type Public note Total Checkouts
          Military College of Signals (MCS) Military College of Signals (MCS) General Stacks 12/12/2016 629.1,CAR MCS33649 12/08/2016 12/12/2016 Book Almirah No.41, Shelf No.2  
          Military College of Signals (MCS) Military College of Signals (MCS) General Stacks 12/29/2022 629.1,CAR MCS33648 12/29/2022 12/29/2022 Book Almirah No.41, Shelf No.2  
© 2023 Central Library, National University of Sciences and Technology. All Rights Reserved.